| 000 | 00403nam a2200145Ia 4500 | ||
|---|---|---|---|
| 008 | 191023s9999 xx 000 0 und d | ||
| 020 | _a9781305582088 | ||
| 100 | _aShaw, William H. | ||
| 245 |
_cWilliam H. Shaw.-- _aBusiness ethics / |
||
| 250 | _a9th ed | ||
| 260 |
_aUSA : _bCengage Learning _c2017 |
||
| 300 | _ax, 480 pages. | ||
| 650 | _aBusiness ethics | ||
| 650 | _aIndustries -- social aspects | ||
| 999 |
_c362313 _d362313 |
||